Quizzes
Events
Quiz Creation
Community
Videos
Private Events
Remove Ads
Sign In
Join for FREE
Feedback
Dark Mode
Quiz Categories
Sports
Geography
Music
Movies
Television
Just For Fun
Miscellaneous
History
Literature
Language
Science
Gaming
Entertainment
Religion
Holiday
For Kids
Quiz Lab
Recent
Popular Today
Quiz Kudos Today
Editor Picks
Curator Picks
Quizzes by...
Day
Popularity
Type
Ratings
Length
Year
Community
Subscriptions
Recent Discussions
Orange Saloon
Badges
Playlists
Quests
Create
Leaderboards
Showdown
Live 5
Trivia Bingo
Activity
Puzzle Library
Sporcle Events
Private Events
Virtual Trivia
Globe League
Become a Host
Pub Owners
SporcleCon
Opinionation
Our Games
Videos
Blog
Mobile Apps
Partnerships
Remove Ads and Go Orange
Feedback
Sports
Athletes
MLB
NBA
NHL
NFL
Soccer
Sports Teams
WWE
NCAA
Football
Premier League
Basketball
Baseball
Hockey
Golf
Tennis
Cricket
Rugby
Auto Racing
Olympics
World Cup
Sports
Athletes
MLB
NBA
NHL
NFL
Soccer
Sports Teams
WWE
NCAA
Football
Premier League
Basketball
Baseball
Hockey
Golf
Tennis
Cricket
Rugby
Auto Racing
Olympics
World Cup
Random Quiz
Search Sporcle
×
Quiz Lab
Quiz Lab
Sports
Numbers
Type in answers that appear in a list
Type in answers that appear in a list
Classic
Best Score? Go Orange.
2010-11 Lightning Stats
Can you name the 2010-11 Lightning?
By
T1TANHAWKY
5m
23 Questions
25 Plays
25 Plays
25 Plays
Comments
Comments
Give Quiz Kudos
Give Quiz Kudos
-
- Ratings
hide this ad
Random Order
Randomize order of answers
Randomize order of answers
Replay
Link that replays current quiz
Next Quiz
Link to next quiz in quiz playlist
You Got
0%
They Got
Avg Score
57%
Avg Friend Score
Upgrade to see
Score Distribution
Jump to the score distribution portion of the page
Score
0/23
Timer
05:00
0
Plays Today
Number
Player
% Correct
#91
Steven Stamkos
96%
#4
Vincent Lecavalier
92%
#26
Martin St. Louis
92%
#6
Ryan Malone
88%
#35
Dwayne Roloson
88%
#77
Victor Hedman
80%
#41
Mike Smith
76%
#9
Steve Downie
72%
#5
Mattias Ohlund
64%
#13
Pavel Kubina
60%
#12
Simon Gagne
56%
#2
Eric Brewer
52%
Number
Player
% Correct
#16
Teddy Purcell
52%
#7
Brett Clark
44%
#19
Dominic Moore
44%
#47
Marc-Andre Bergeron
44%
#10
Sean Bergenheim
40%
#18
Adam Hall
36%
#42
Dana Tyrell
36%
#44
Nate Thompson
32%
#8
Randy Jones
24%
#39
Mike Lundin
24%
#32
Matt Smaby
20%
Quiz Playlist
Details
Report
Send in Message
Add To Playlist
Classic:
Type in answers that appear in a list
Random Order:
Randomize order of answers
Last Updated: Feb 16, 2017
Quiz Scoreboard
CHALLENGE
Sign Up to Join the Scoreboard
Show All
Scores
Hide
Comments
May contain spoilers
Recently Published
Popular People in 1961
by mucciniale
History
6m
1-10 Letter E Words III
by El_Dandy
Language
2m
One Thing in Common: World Cities II
by knightlancer
Geography
7m
More to Explore
Quiz From the Vault
Featured Blog Post
Where Did the Easter Bunny Come From?
hide this ad
You Might Also Like...
Tags
Numbers Quiz
Lightning
Player
Today's Top Quizzes in Sports
Browse Sports
hide this ad
Today's Top Quizzes in Numbers
Browse Numbers
Top Contributed Quizzes in Sports
1
2022 World Cup Stars
2
FIFA Club World Cup Champions
3
MLB Players with Two .350 Batting Average Seasons
4
Les entraîneurs de l'OM et du PSG au 21e siècle
5
Pitchers With Multiple No-Hitters
6
NFL Resumes by Logo: Quarterbacks
7
MVPs in Order
8
Who Hit More Homers?
9
NCAA Basketball Top 7 in Coaching Wins
10
NFL Logic Puzzle
Explore More
Trending Topics
Harry Potter
Kpop
Disney
Anime
Marvel
NBA
Crossword
Song
WWE
Pokémon
Country
Puzzle
NFL
Soccer
The Office
hide this ad
More By:
T1TANHAWKY
Quiz
Plays
Rating
Category
Featured
Created
Vezina Trophy Winners
203
2.75
Sports
Jan 23, 2011
NHL Goalies
169
1.00
Sports
Jan 21, 2011
Art Ross Trophy Winners
127
2.86
Sports
Jan 23, 2011
NHL Goalie Tandems
102
3.50
Sports
Mar 29, 2013
2010-11 Canucks
79
Sports
Feb 28, 2011
Go to Creator's Profile
Score Distribution
Quiz Creator Spotlight
T1TANHAWKY
Follow
Send a Message
Quizzes Created
-
Created Quiz Play Count
-
More By This Creator
Popular Quizzes Today
1
Find the US States - No Outlines Minefield
2
Popular People in 1961
3
The Countries of the World
4
1-10 Letter E Words III
5
Find the US States
6
Find the Countries of Europe - No Outlines Minefield
7
US States
8
One Thing in Common: World Cities II
More Sports Quizzes
Halving and Sorting: NBA
Published
Trending Quizzes
1-10 Letter F Words
Get the Picture: Chris Cornell Bands
1-10 Letter G Words
Risky Map Clicking: States by Unique Starting Letters
1-10 Letter F Words II
Recently Updated
Reality TV Shows (A-Z)
bhenderson79
Rickey Henderson's Hall of Fame Teammates
pecheneg
Champions League XIs: Arsenal
pecheneg
Quick Pick: Celebrities in WWE's Hall of Fame
aduchscher
A-Z Keypad Blitz II
pecheneg
Multiple Oscar Actors
pecheneg
Mystery Phrase Blitz: Oscar 'Best Actors'
pecheneg
F. Scott Fitzgerald Novels
LTH
Pick 3 Villains
ddd62291
This, But Not That XII
gazzso
Trending Topics
Kpop
NBA
Marvel
Crossword
Anime
Harry Potter
Disney
The Office
WWE
Pokémon
Song
Puzzle
Soccer
NFL
Country
Your Account Isn't Verified!
In order to create a playlist on Sporcle, you need to verify the email address you used during registration. Go to your
Sporcle Settings
to finish the process.
Report this User
Report this user for behavior that violates our
Community Guidelines
.
Details:
Send Report
Go to the Sporcle.com Mobile Site →
Comments